| 000 | 01104nam a2200253 i 4500 | ||
|---|---|---|---|
| 001 | 182127 | ||
| 003 | ES-MaACL | ||
| 005 | 20251009172028.0 | ||
| 008 | 130619s1989 sp a |||| | spa d | ||
| 020 |
_a84-600-7028-X _z84-600-7028-I |
||
| 080 | _a561.26 | ||
| 100 | 1 |
_aSalvo Tierra, A. Enrique. _9152912 |
|
| 245 | 1 | 3 |
_aEl origen de los cormófitos _b: transmigración y colonización terrestre / _cpor A. Enrique Salvo Tierra, Antonio Flores Moya, Antonio M. Escámez Pastrana. |
| 260 |
_aMelilla : _bServicio de Publicaciones de la UNED, _cD.L. 1989. |
||
| 300 |
_a46 p. : _bil. ; _c24 cm. |
||
| 490 | 1 |
_aPublicaciones de la Universidad Nacional de Educación a Distancia, Centro Asociado de Melilla ; _vn. 12 |
|
| 504 | _aBibliografía: p. 43-46. | ||
| 650 | 4 |
_aAlgas fósiles. _9152913 |
|
| 700 | 1 |
_aFlores Moya, Antonio. _9152914 |
|
| 700 | 1 |
_aEscámez Pastrana, Antonio Manuel, _d1964- _9152915 |
|
| 830 | 0 |
_aPublicaciones de la Universidad Nacional de Educación a Distancia, Centro Asociado de Melilla ; _vn. 12 _9179811 |
|
| 852 |
_aES-MaACL _j2190-F-17 |
||
| 999 |
_c182127 _d182127 |
||